The moonstone / (Record no. 160867)

MARC details
000 -LEADER
fixed length control field 00757mam a2200241 a 4500
008 - FIXED-LENGTH DATA ELEMENTS--GENERAL INFORMATION
fixed length control field
020 ## - INTERNATIONAL STANDARD BOOK NUMBER
International Standard Book Number 1857151224(hbk.)
049 ## - LOCAL HOLDINGS (OCLC)
Holding library MAIN
050 00 - LIBRARY OF CONGRESS CALL NUMBER
Classification number PR4494
Item number WIL
003 - CONTROL NUMBER IDENTIFIER
control field
005 - DATE AND TIME OF LATEST TRANSACTION
control field 20230123134139.0
040 ## - CATALOGING SOURCE
Transcribing agency NUST
100 1# - MAIN ENTRY--PERSONAL NAME
Personal name Collins, Wilkie.
245 14 - TITLE STATEMENT
Title The moonstone /
Statement of responsibility, etc. Wilkie Collins ; introduction Catherine Peters.
260 ## - PUBLICATION, DISTRIBUTION, ETC.
Place of publication, distribution, etc. London :
Name of publisher, distributor, etc. David Campbell :
-- Distributed by Random House,
Date of publication, distribution, etc. 1992.
300 ## - PHYSICAL DESCRIPTION
Extent xlviii, 473 p. ;
Dimensions 21 cm.
490 0# - SERIES STATEMENT
Series statement Everyman's library ;
Volume/sequential designation 122
651 #0 - SUBJECT ADDED ENTRY--GEOGRAPHIC NAME
Geographic name Great Britain
General subdivision History
Chronological subdivision 19th century
General subdivision Fiction.
651 #0 - SUBJECT ADDED ENTRY--GEOGRAPHIC NAME
Geographic name India
General subdivision History
Chronological subdivision 19th century
General subdivision Fiction.
700 1# - ADDED ENTRY--PERSONAL NAME
Personal name Peters, Catherine.
907 ## - LOCAL DATA ELEMENT G, LDG (RLIN)
a .b10185653
b 27-11-13
c 13-01-06
942 ## - ADDED ENTRY ELEMENTS (KOHA)
Koha item type Ordinary Loan Books
Holdings
Date last seen Total Checkouts Full call number Barcode Cost, replacement price Price effective from Koha item type Lost status Source of classification or shelving scheme Damaged status Not for loan Collection Withdrawn status Home library Current library Shelving location Date acquired Cost, normal purchase price
01/23/2023 2 PR4494 WIL 92003008902 80.00 01/23/2023 BOOKS   LCC     NFIC   MAIN MAIN GEN 01/23/2023 80.00